Prenos makroekonomických šokov na meranie kreditného rizika v kontexte Basel III dizertačná práca

Na minha lista:
Detalhes bibliográficos
Autor principal: Majer, Lukáš, 1987-
Autor Corporativo: Národohospodárska fakulta EU. Katedra financií
Outros Autores: Gertler, Ľubomíra, 1977-
Formato: Livro
Idioma:eslovaco
Publicado em: Bratislava 2018
Assuntos:
Tags: Adicionar Tag
Sem tags, seja o primeiro a adicionar uma tag!

MARC

LEADER 00000nbm a2200000 4500
001 0246526
005 20230302103604.6
041 0 |a slo 
044 |a SK 
245 1 0 |a Prenos makroekonomických šokov na meranie kreditného rizika v kontexte Basel III  |b dizertačná práca  |c Lukáš Majer ; školiteľ: Ľubomíra Gertler 
264 1 |a Bratislava  |c 2018 
300 |a 116 s. 
610 2 0 |a bankovníctvo 
610 2 0 |a regulácia 
610 2 0 |a riziko úverové 
610 2 0 |a ukazovatele 
610 2 0 |a modelovanie 
610 2 0 |a testovanie stresové 
100 1 |a Majer, Lukáš, 1987- 
700 1 |a Gertler, Ľubomíra, 1977- 
710 2 |a Národohospodárska fakulta EU. Katedra financií